|
|
|
|
| LEADER |
00812nam a22002412a 4500 |
| 001 |
000755008 |
| 003 |
CZ BrMZK |
| 005 |
20220413171627.0 |
| 007 |
ta |
| 008 |
041213m19001925xr er|||||||||||cze d |
| 015 |
|
|
|a cnb000640391
|
| 040 |
|
|
|a BOA001
|b cze
|
| 100 |
1 |
|
|a Martínek, Vojtěch,
|d 1887-1960
|7 jk01080362
|4 aut
|
| 245 |
1 |
0 |
|a Nová česká literatura :
|b informativní nárys :
|n II,
|p Povídka a román /
|c naps. Dr. Vojtěch Martínek
|
| 246 |
3 |
0 |
|a Povídka a román
|
| 260 |
|
|
|a [Praha :]
|b Ločák,
|c [mezi 1900-1925]
|
| 300 |
|
|
|a 29 s.
|
| 490 |
1 |
|
|a Ločákova knihovnička ;
|v 9
|
| 830 |
|
0 |
|a Ločákova knihovnička
|0 s
|
| 910 |
|
|
|a BOA001
|b PK-I-0008.586,2
|b 1-0037.255,9
|
| 990 |
|
|
|a BK
|
| 993 |
|
|
|a Y
|
| 996 |
6 |
|
|b BC-181168
|c PK-I-0008.586,2
|l MZK
|r Sklad / do 1 hodiny
|n 0
|w 000755008
|u 000010
|a 1
|e BOA001
|j MZK50
|s P
|